| 000 -LEADER |
| fixed length control field |
00357cam a22001097a 4500 |
| 008 - FIXED-LENGTH DATA ELEMENTS--GENERAL INFORMATION |
| fixed length control field |
180718b1956 xxu||||| |||| 00| 0 eng d |
| 082 ## - DEWEY DECIMAL CLASSIFICATION NUMBER |
| Classification number |
B81303x54 In2b/1956c |
| 100 ## - MAIN ENTRY--PERSONAL NAME |
| Personal name |
Bihar. Legislative Assembly |
| 245 ## - TITLE STATEMENT |
| Title |
Comments and views on the draft Bihar and West Bengal (transfer of territories) bill 1956 |
| 260 ## - PUBLICATION, DISTRIBUTION, ETC. |
| Place of publication, distribution, etc. |
Patna |
| Name of publisher, distributor, etc. |
The author |
| Date of publication, distribution, etc. |
1956 |
| 300 ## - PHYSICAL DESCRIPTION |
| Extent |
18p. |